Guess the Lyrics - 90's #2 - Statistics

General Stats
  • This quiz has been taken 128 times
  • The average score is 126 of 313
Answer Stats
Answer % Correct
I
99%
a
97%
the
91%
you
89%
me
83%
me,
83%
to
76%
We
75%
and
72%
when
66%
it
64%
is
63%
my
63%
for
54%
of
54%
can
52%
I'm
52%
that
50%
all
49%
this
45%
if
44%
one
42%
take
41%
get
40%
can't
39%
up
39%
ever
38%
could
37%
Make
36%
make
36%
with
36%
give
35%
just
33%
night
33%
life
32%
out
31%
way
30%
'cause
28%
back
27%
live
27%
Now
26%
Think
26%
think
26%
home
25%
need
25%
our
25%
right
25%
try
25%
Try
25%
I'd
24%
last
24%
tell
24%
away
23%
things
22%
We'll
21%
fly
15%
Fly
15%
help
15%
lookin'
15%
Lookin'
15%
new
15%
Run
15%
save
15%
sky
15%
something
15%
die
12%
lie
12%
own
12%
sign
12%
tired
12%
done
11%
Foo Fighters
11%
learn
11%
around
10%
alone
8%
high
8%
Learn to Fly
7%
wait
7%
tryin'
6%
along
5%
alright
5%
angels,
5%
angels
5%
bright
5%
burn
5%
devil
5%
everything's
5%
quite
5%
revolution,
4%
sat
4%
complication,
3%
complication
3%
looking
3%
happily
2%
Hook
2%
lyin'
2%
patience,
2%
watched
2%
laughin'
0%
nursing
0%
trapped
0%
No matching quizzes found
Score Distribution
Percent of People with Each Score
Percentile by Number Answered
Your Score History
You have not taken this quiz